000
00210 a2200097 4500
001
15208
100
_a
Hayek F.A
245
_a
The road serfdom
260
_a
London
_b
George Routledge
_c
090
_c
11946
_d
11946
942
_a
NUST-CAE
_c
M
_c
2165
999
_c
250281
_d
250281